| Tag |
First Indicator |
Second Indicator |
Subfields |
| LEADER |
00000cam a2200000 a 4500 |
| 001 |
in00000014256 |
| 005 |
20151007052155.0 |
| 008 |
870219s1987 mdu b 00110 eng |
| 010 |
|
|
|a 87006106
|
| 020 |
|
|
|a 081916271X (alk. paper) :
|c $24.50
|
| 020 |
|
|
|a 0819162728 (pbk. : alk. paper) :
|c $12.75
|
| 035 |
|
|
|a (OCoLC)15283740
|
| 035 |
|
|
|9 AAA6619AM
|
| 040 |
|
|
|a DLC
|c DLC
|d TXA
|d UtOrBLW
|
| 043 |
|
|
|a e-ur---
|a e-ur-ru
|
| 049 |
|
|
|a TXAM
|c [A11462848]
|
| 050 |
0 |
0 |
|a BX485
|b .T45 1987
|
| 082 |
0 |
|
|a 305/.9219/0947
|2 19
|
| 100 |
1 |
|
|a Thompson, Ewa M.
|q (Ewa Majewska),
|d 1937-
|
| 245 |
1 |
0 |
|a Understanding Russia :
|b the holy fool in Russian culture /
|c Ewa M. Thompson.
|
| 264 |
|
1 |
|a Lanham, MD :
|b University Press of America,
|c [1987]
|
| 264 |
|
4 |
|c ©1987
|
| 300 |
|
|
|a xi, 229 pages ;
|c 24 cm.
|
| 336 |
|
|
|a text
|b txt
|2 rdacontent
|
| 337 |
|
|
|a unmediated
|b n
|2 rdamedia
|
| 338 |
|
|
|a volume
|b nc
|2 rdacarrier
|
| 504 |
|
|
|a Bibliography: pages 207-220.
|
| 500 |
|
|
|a Includes index.
|
| 650 |
|
0 |
|a Holy fools
|z Soviet Union
|x History.
|
| 650 |
|
0 |
|a Shamanism
|z Soviet Union
|x History.
|
| 651 |
|
0 |
|a Soviet Union
|x Church history.
|
| 610 |
2 |
0 |
|a Russkai︠a︡ pravoslavnai︠a︡ t︠s︡erkovʹ
|x History.
|
| 610 |
2 |
0 |
|a Orthodox Eastern Church
|z Soviet Union
|x History.
|
| 650 |
|
0 |
|a National characteristics, Russian.
|
| 740 |
0 |
|
|a Holy fool in Russian culture.
|
| 999 |
|
|
|a MARS
|
| 999 |
f |
f |
|s 96ac7203-947e-36dd-8da9-422e4f9f1b9c
|i a342e508-d17e-398b-a8fa-8bc0ce5cc964
|t 0
|
| 952 |
f |
f |
|p normal
|a Texas A&M University
|b College Station
|c Sterling C. Evans Library
|d Evans: Library Stacks
|t 0
|e BX485 .T45 1987
|h Library of Congress classification
|i unmediated -- volume
|m A14811462848
|
| 998 |
f |
f |
|a BX485 .T45 1987
|t 0
|l Evans: Library Stacks
|